LEADER 01012nam a2200253 u 4500 001 000000049070 003 CaOOAMICUS 005 20070226115053.0 008 000614s1943 it u000 u ita u 035 $a10850143 040 $aPUL$bita 100 1 $aSalvatorelli, Luigi,$d1886-1974.$0(OLS)http://pul/name/203 245 10$aPensiero e azione del Risorgimento /$cLuigi Salvatorelli. 260 $aTorino :$bGiulio Einaudi,$c1943. 300 $aix, 228 p. ;$c23 cm 490 1 $aSaggi ;$v44 651 4$aItalia$xStoria$y1849-1870.$0(OLS)http://pul/subject/45 830 0$aEinaudi tascabili.$pSaggi ;$v44.$0(OLS)http://pul/title/38420 850 $aPUL 852 $aPUL$W1$xDP1 Fondo Maccarrone$y58$m1514 B 43$j65261$nBK-PRI$b $qFondi$B65261$CPULBib$Z2$F65261 $H $81 941 1 $a1 961 $aINV: 3212.F.Maccarrone 996 $6245$aPensiero e azione del Risorgimento$9(OLS)http://pul/title/66159 996 $6260$aTorino :$bGiulio Einaudi$9(OLS)http://pul/publisher/54573 LEADER 01342nam a2200337 a 4500 001 000000125635 003 CaOOAMICUS 005 20110610095636.0 008 110610s2011 it u000 u ita r 020 $a978-88-15-14707-3 040 $aPUL$bita 041 1 $aita$heng 082 04$a320.53 100 1 $aGiddens, Anthony,$d1938-$0(OLS)http://pul/name/31803 240 10$aBeyond left and right.$lItaliano.$0(OLS)http://pul/title/158426 245 10$aOltre la destra e la sinistra /$cAnthony Giddens. 250 $aNuova ed. 260 $aBologna :$bIl Mulino,$c2011. 300 $aXXVII, 309 p. ;$c22 cm 490 1 $aBiblioteca paperbacks ;$v29 650 4$aRadicalismo.$0(OLS)http://pul/subject/13689 650 4$aConservatorismo.$0(OLS)http://pul/subject/23542 830 0$aBiblioteca paperbacks ;$v29.$0(OLS)http://pul/title/144760 850 $aPUL 852 $aPUL$W1$xSL Diritto e Scienze Sociali 3$y79$m320. 53 GIDAN 1$j144723$qDDC 21$B143737$CPULBib$Z2$F143737 $H116739 $82 941 1 $a9 996 $6020$a978-88-15-14707-3$9(OLS)http://pul/number/147433 996 $6082$a320.53$9(OLS)http://pul/classification/2044 996 $6245$aOltre la destra e la sinistra$9(OLS)http://pul/title/158427 996 $6260$aBologna :$bIl Mulino$9(OLS)http://pul/publisher/47928